000 00337nam a2200133Ia 4500
005 20251222144753.0
008 251222s9999||||xx |||||||||||||| ||spa||
082 _a739.239.85/T74
100 _aTorres Della Pina, José
245 0 _aPatronato Plata del Perú:
250 _a1ra.ed.
264 _bIndustrial gráfica S.A.
942 _cLIB
999 _c19422
_d19422